Lebah

Bibliographic Details
Main Author: Bailey, Jill
Format: Book
Published: Petaling Jaya : Penerbit Pan Earth Sdn. Bhd. , 1992
Series:Siri Kitar Hidup Haiwan
Subjects:

MARC

LEADER 00000cam a2200000 7i4500
001 0000005378
002 000005810
005 20020718.0
020 |a 9679567311 
090 0 0 |a J 591.51   |b KIT 
100 1 |a Bailey, Jill 
245 1 0 |a Lebah   |c Jill Bailey ; Penterjemah oleh June Soh dan Zubaidah Jamal 
260 |a Petaling Jaya :   |b Penerbit Pan Earth Sdn. Bhd. ,   |c 1992 
300 |a 31p. :   |b ill. ;   |c 18cm. 
490 0 |a Siri Kitar Hidup Haiwan 
650 0 0 |a Bees   |x Juvenile literature 
999 |a 026983   |b BUKU   |c PINJAMAN   |e PERPUSTAKAAN KOMUNITI PETALING JAYA